<?xml version="1.0" encoding="UTF-8"?>
<record
    xmlns:xsi="http://www.w3.org/2001/XMLSchema-instance"
    xsi:schemaLocation="http://www.loc.gov/MARC21/slim http://www.loc.gov/standards/marcxml/schema/MARC21slim.xsd"
    xmlns="http://www.loc.gov/MARC21/slim">

  <leader>00563    a2200109   4500</leader>
  <controlfield tag="001">ART_63629</controlfield>
  <controlfield tag="005">20260410161816.0</controlfield>
  <controlfield tag="008">260409a                                 </controlfield>
  <datafield tag="245" ind1="1" ind2="0">
    <subfield code="a">Defensa de la universidad p&#xFA;blica y notas sobre la ense&#xF1;anza del derecho (penal), la academia, el legislador, la jurisprudencia y la "ciencia" del derecho penal. Discurso de agradecimiento por el nombramiento como profesor honorario de la universidad de buenos aires</subfield>
  </datafield>
  <datafield tag="100" ind1="1" ind2=" ">
    <subfield code="a">D&#xED;az y Garc&#xED;a Conlledo, Miguel</subfield>
  </datafield>
  <datafield tag="773" ind1="0" ind2=" ">
    <subfield code="t">Academia</subfield>
    <subfield code="g">- A&#xF1;o 22, N&#xB0; 43 (ene./jun. 2024)</subfield>
    <subfield code="w">REV4314</subfield>
  </datafield>
  <datafield tag="999" ind1=" " ind2=" ">
    <subfield code="c">21923</subfield>
    <subfield code="d">21923</subfield>
  </datafield>
</record>
